| 000 | 00656nam a22002177a 4500 | ||
|---|---|---|---|
| 003 | PILC | ||
| 005 | 20150818104619.0 | ||
| 008 | 130223t xxu||||| |||| 00| 0 eng d | ||
| 020 | _a0713185406 | ||
| 050 |
_aTX 911.3.T73 _b.L55 1983 |
||
| 082 |
_aHSF 642.619 _bL62 1983 |
||
| 100 |
_aLillicrap, D. R. _911322 |
||
| 245 |
_aFood and beverage service / _cLillicrap, Dennis. |
||
| 250 | _a2nd edition. | ||
| 260 |
_aMill Road, Dunton Green, Sevenoaks, Kent : _bHodder and Stoughton Ltd, _c1983. |
||
| 300 |
_avi, 217 pages : _billustration ; _c25 cm. |
||
| 500 | _aIncludes index. | ||
| 650 | _aFood service. | ||
| 650 | _aBeverage. | ||
| 942 |
_2lcc _cBK |
||
| 999 |
_c284781 _d284781 |
||